000 01432nam a2200241Ia 4500
999 _c51384
_d51384
001 18368
003 GE_BSU
005 20250404132302.0
008 181216s2004||||ge |||||||||||||| ||geo||
040 _cGE_BSU
041 _ageo
080 _a070 ტ-21
100 _aტალერი, დევიდ
_924736
245 _aმრავალფეროვნების გაშუქების სახელმძღვანელო /
_cდევიდ ტალერი; წინასიტყვაობა ჯონ ოუენისა; მედიის მრავალფეროვნების ინსტიტუტი.
264 _aთბილისი:
_bსეზანი,
_c2004.
300 _a188 გვ.;
_b21 სმ.
520 _aგამოცემულია ევროგაერთიანებისა და ნიდერლანდების საგარეო საქმეთა სამინისტროს მხარდაჭერით
541 _h28ლ.
653 _aმრავალფეროვნების გაშუქების სახელმძღვანელო
700 _aოუენი, ჯონ
_eწინასიტყვაობის ავტორი
_924737
710 _aმედიის მრავალფეროვნების ინსტიტუტი
_924738
942 _cBK
_2udc